1844 1825 1664 1047 1683 1930 1444 1703 1472 1494 1188 1093 1907 1345 1475 1458 1752 1016 1796 1696 1596 1995 1549 1372 1781 1855 1658 1036 1903 1148 1964 1696 1890 1131 1776 1164 1452 1411 1857 1022 1650 1606 1826 1872 1025 1105 1627 1705 1513 1201 1664 1660 1525 1117 1855 1018 1017 1812 1267 1572 1704 1280 1479 1847 1821 1280 1414 1600 1011 1320 1858 1371 1963 1719 1867 1521 1969 1902 1787 1438 1797 1092 1659 1150 1410 1537 1809 1142 1090 1000 1151 1528 1323 1566 1177 1718 1723 1185 1503 BCNSPRNW ULIB Ver.6.0+V

เปลี่ยนเป็นภาษาไทย

Change to English
 แสดงรายละเอียดบรรณานุกรม
  กลับหน้าหลัก

Brief Record : Get Marc (ISO 2709) : E-mail record : QR code < ปิดหน้าต่าง
LEADER : 00000nam 2200000uu 4500
001    13399126261
003     ULIB
008    180827s2559||||th 000 0 tha d
020    ^a9786164130630
060 04 ^aWY157^bอ886ก
100 0  ^aเอมพร รตินธร
245 10 ^aการดูแลต่อเนื่อง หัวใจในการพัฒนาคุณภาพการปฏิบัติการผดุงครรภ์ =^bContinuity of care : the core of quality improvement in midwifery practice/^cเอมพร รตินธร
246 30 ^aการพัฒนาคุณภาพการปฏิบัติการผดุงครรภ์
246 31 ^aContinuity of care :^bthe core of quality improvement in midwifery practice
250    ^aพิมพ์ครั้งที่ 1
260    ^aกรุงเทพฯ :^bคณะพยาบาลศาสตร์ มหาวิทยาลัยมหิดล,^c2559
300    ^aก-ง, 108 หน้า :^bภาพประกอบ, ตาราง ;^c23 ซม.
505 0  ^aบทที่ 1 บทนำ : การดูแลต่อเนื่องโดยผดุงครรภ์สำคัญอย่างไรในการปฏิบัติการผดุงครรภ์ -- บทที่ 2 การดูแลต่อเนื่องโดยผดุงครรภ์คืออะไร -- บทที่ 3 ทำอย่างไรหากต้องการให้เกิดการดูแลต่อเนื่องโดยผดุงครรภ์ในระบบบริการสุขภาพ -- บทที่ 4 ตัวอย่าง : การพัฒนาระบบการดูแลต่อเนื่องโดยผดุงครรภ์สำหรับสตรีตั้งครรภ์วัยรุ่น -- บทที่ 5 บทสรุป : ก้าวต่อไปเพื่อการเริ่มต้น
650  7 ^aการพยาบาลสูติศาสตร์
650  7 ^aการฝากครรภ์
650  7 ^aครรภ์ในวัยรุ่น
650  7 ^aครรภ์
710 2  ^aมหาวิทยาลัยมหิดล. ^bคณะพยาบาลศาสตร์
945    ^p130^l0^i004427
945    ^p130^l0^i004428
945    ^p130^l0^i004429
999    ^aประนอม เกษจรัล
รายการนี้ยังไม่มีแท็ก
คุณยังไม่ได้ล็อกอิน คุณสามารถมีกิจกรรมร่วมกับเว็บไซต์ได้ แต่ต้องล็อกอินก่อน ::
  ล็อกอิน

รายการสื่อสารสนเทศ

ลำดับที่ ประเภท เลขเรียก/บาร์โค้ด สถานที่ สถานะ
1. Book การพยาบาล
หนังสือสำรอง
สถานะ=หนังสือสำรอง
WY157 อ886ก ฉ.1 
  Barcode: 004427
ห้องสมุดวิทยาเขตสวรรค์ประชารักษ์
►หนังสือทั่วไป
บนชั้น
2. Book การพยาบาล
Book การพยาบาล
สถานะ=หาย
WY157 อ886ก ฉ.2 
  Barcode: 004428
ห้องสมุดวิทยาเขตสวรรค์ประชารักษ์
►หนังสือทั่วไป
บนชั้น
3. Book การพยาบาล
Book การพยาบาล
สถานะ=หนังสือเก่า
WY157 อ886ก ฉ.3 
  Barcode: 004429
ห้องสมุดวิทยาเขตสวรรค์ประชารักษ์
►ส่วนจัดเก็บหนังสือเก่า สปร
บนชั้น
  ขอยืม

รายการใกล้เคียง
    ผู้แต่ง [เอมพร รตินธร]

    หัวเรื่อง [การพยาบาลสูติศาสตร์]
    หัวเรื่อง [การฝากครรภ์]
    หัวเรื่อง [ครรภ์ในวัยรุ่น]
    หัวเรื่อง [ครรภ์]

BibComment


ยังไม่เคยถูกคอมเมนท์

คอมเมนท์ทรัพยากรรายการนี้
  คอมเมนท์: การดูแลต่อเนื่อง..


 Copyright 2026. Bcnsprnw @Library